| 000 | 00813pam a2200265 a 4500 | ||
|---|---|---|---|
| 001 | 3887648 | ||
| 003 | OSt | ||
| 005 | 20140310182106.0 | ||
| 008 | 900816s1990 mdu 000 0 eng | ||
| 010 | _a 90013470 | ||
| 020 |
_a0915765756 : _c$9.95 |
||
| 040 |
_aDLC _cDLC _dDLC |
||
| 043 | _an-us--- | ||
| 050 | 0 | 0 |
_aCS 2367 _b.M44 1990 |
| 082 | 0 | 0 |
_aHS 929.40973 _bM47 1990 |
| 100 | 1 |
_aMehrabian, Albert. _913068 |
|
| 245 | 1 | 4 |
_aThe name game : _bthe decision that lasts a lifetime / _cAlbert Mehrabian. |
| 250 | _a1st ed. | ||
| 260 |
_aBethesda, MD : _bNational Press, _cc1990. |
||
| 300 |
_a206 p. ; _c23 cm. |
||
| 650 | 0 |
_aNames, Personal _zUnited States _xPsychological aspects. _913070 |
|
| 906 |
_a7 _bcbc _corignew _d1 _eocip _f19 _gy-gencatlg |
||
| 942 |
_2lcc _cHS |
||
| 999 |
_c9286 _d9286 |
||